[Event "NH Chess Tournament"]
[Site "Amsterdam NED"]
[Date "2007.09.01"]
[Round "10"]
[White "Negi,P"]
[Black "Nikolic,Pr"]
[Result "1/2-1/2"]
[WhiteElo "2529"]
[BlackElo "2646"]

1.e4 e5 2.Nf3 Nc6 3.Bb5 a6 4.Ba4 Nf6 5.O-O Be7 6.Re1 b5 7.Bb3 d6 8.c3 O-O
9.d4 Bg4 10.d5 Na5 11.Bc2 c6 12.h3 Bxf3 13.Qxf3 cxd5 14.exd5 Qc7 15.Nd2 g6
16.Nf1 Nh5 17.a4 b4 18.cxb4 Qxc2 19.bxa5 Rfb8 20.Ne3 Qc7 21.Bd2 Rxb2 22.Rec1 Qb7
23.Nc4 Rb3 24.Qd1 Re8 25.Nb6 Rd3 26.Qc2 e4 27.Qc6 Qxc6 28.dxc6 Rxd2 29.c7 Nf4
30.c8=Q Rxc8 31.Rxc8+ Kg7 32.Nc4 Rd3 33.Rb1 Ne6 34.g3 h5 35.h4 Kf6 36.Rb6 d5
37.Ne3 Kg7 38.Rxa6 d4 39.Nd5 e3 40.fxe3 dxe3 41.Rxe6 fxe6 42.Nf4 Rd6 43.Kg2 e5
44.Ne2 Rf6 45.Kh3 Bb4 46.Re8 Bxa5 47.Rxe5 Bd2 48.Re7+ Kf8 49.Re4 Rc6 50.Kg2 Kf7
51.Kf3 Rb6 52.Nf4 Rb1 53.Nd5 Rf1+ 54.Ke2 Re1+ 55.Kd3 Rg1 56.Nxe3 Bxe3 57.Rxe3 Ra1
58.Kd4  1/2-1/2

[Event "TCh-BEL 2007-8"]
[Site "Belgium BEL"]
[Date "2007.09.30"]
[Round "1"]
[White "Nikolic,Pr"]
[Black "Savchenko,S"]
[Result "1/2-1/2"]
[WhiteElo "2657"]
[BlackElo "2604"]

1.d4 d5 2.c4 c6 3.Nf3 Nf6 4.e3 Bf5 5.cxd5 cxd5 6.Nc3 Nc6 7.Ne5 Nd7 8.g4 Be6
9.Nd3 h5 10.gxh5 Bf5 11.Qb3 e6 12.Qxb7 Rc8 13.Qb3 Rxh5 14.Bd2 Rh4 15.Rc1 Na5
16.Qd1 Nc4 17.Na4 Be4 18.f3 Nxd2 19.Kxd2 Qa5+ 20.Nc3 Bxd3 21.Bxd3 Bb4 22.Qe1 Qxa2
23.Rc2 Rh3 24.Qf1 Rh6 25.Qg2 g6 26.Ke2 Qb3 27.Rhc1 Kf8 28.Nd1  1/2-1/2

[Event "Bundesliga 2007-8"]
[Site "Wattenscheid GER"]
[Date "2007.10.19"]
[Round "7"]
[White "Najer,E"]
[Black "Nikolic,Pr"]
[Result "1/2-1/2"]
[WhiteElo "2635"]
[BlackElo "2657"]

1.e4 e5 2.Nf3 Nc6 3.Bb5 a6 4.Ba4 Nf6 5.O-O Be7 6.Re1 b5 7.Bb3 d6 8.c3 O-O
9.h3 Be6 10.Bxe6 fxe6 11.d4 h6 12.a4 Qd7 13.Re2 Rab8 14.dxe5 dxe5 15.Qxd7 Nxd7
16.axb5 axb5 17.b4 Bd6 18.Ra6 Ne7 19.Na3 Nf6 20.Ne1 c6 21.Nd3 Ra8 22.Rxa8 Rxa8
23.c4 Ng6 24.cxb5 cxb5 25.Rc2 Nxe4 26.Nxb5 Bf8 27.Kf1 Ra1 28.Nc5 Nf6 29.Ke2 Nd5
30.Bd2 Ngf4+ 31.Kf3 Nxb4 32.Bxb4 Rb1 33.Rc4 Bxc5 34.Rxc5 Rxb4 35.Rxe5 g5
36.Nc3 Kf7 37.Re3 Nd5 38.Nxd5 exd5 39.Re5 Rb3+ 40.Ke2 Rb2+ 41.Kf3 Rb3+ 42.Ke2 Rb2+
43.Kf3  1/2-1/2

[Event "Bundesliga 2007-8"]
[Site "Wattenscheid GER"]
[Date "2007.10.20"]
[Round "1"]
[White "Nikolic,Pr"]
[Black "Chuchelov,V"]
[Result "1/2-1/2"]
[WhiteElo "2657"]
[BlackElo "2544"]

1.d4 Nf6 2.c4 e6 3.Nf3 b6 4.g3 Ba6 5.Qa4 Bb7 6.Bg2 c5 7.O-O cxd4 8.Nxd4 Bxg2
9.Kxg2 Qc7 10.Rd1 a6 11.f3 Ra7 12.Nc3 Be7 13.Bg5 h6 14.Bxf6 Bxf6 15.Ne4 Be7
16.Rac1 O-O 17.b4 f5 18.Nf2 Rc8 19.Qb3 Nc6 20.Nxc6 Qxc6 21.e4 Rf8 22.Rc3 g6
23.Rcd3 Rf7 24.Rd4 Rc7 25.Nd3 Bf6 26.e5 Bg7 27.c5 bxc5 28.Rd6 Qb5 29.bxc5 Bf8
30.Rb6 Qxb3 31.axb3 Bxc5 32.Rxa6 Be7 33.Rc1 Rxc1 34.Nxc1 Rf8 35.Ra7 Rd8 36.Nd3 Kf7
37.b4 Ke8 38.Kf1 Rb8 39.Ra2 Kd8 40.Ke2 Kc7 41.Kd1 Kb6 42.Kc2 g5 43.Kb3 h5
44.h3 Rf8 45.Kc4 Rc8+ 46.Kb3 Rg8 47.Kc4 Rc8+ 48.Kd4 Rf8 49.Nc5 Bxc5+ 50.bxc5+ Kb7
51.Kc4 g4 52.fxg4 fxg4 53.hxg4 hxg4 54.Rd2 Kc7 55.Rd4 Rf5 56.Re4 Kc6 57.Kd4 Rf1
58.Rxg4 Rd1+ 59.Ke4 Kxc5 60.Rg7 Re1+ 61.Kf4 Rf1+ 62.Ke4 Re1+  1/2-1/2

[Event "Bundesliga 2007-8"]
[Site "Wattenscheid GER"]
[Date "2007.10.21"]
[Round "2"]
[White "Fridman,D2"]
[Black "Nikolic,Pr"]
[Result "0-1"]
[WhiteElo "2621"]
[BlackElo "2657"]

1.d4 f5 2.g3 Nf6 3.Bg2 e6 4.c4 c6 5.Nf3 d5 6.O-O Bd6 7.b3 Qe7 8.Bb2 b6 9.Nbd2 O-O
10.Ne5 Bb7 11.Ndf3 a5 12.Rc1 Na6 13.Nd3 Rfd8 14.Nfe5 Rac8 15.e3 Ne4 16.f3 Nf6
17.g4 c5 18.g5 Nd7 19.f4 Bxe5 20.fxe5 Qxg5 21.Rf3 Nf8 22.Rg3 Qh4 23.Nf4 cxd4
24.Qxd4 dxc4 25.Qxb6 Bxg2 26.Nxg2 Qh5 27.Qxa6 Rd1+ 28.Ne1 c3 29.Ba3 Rcd8
30.Rxd1 Rd2 31.Kf1 Qxh2 32.Rxd2 cxd2 33.Qa8 dxe1=Q+ 34.Kxe1 Qxg3+ 35.Ke2 h5
36.Qxf8+ Kh7 37.Qa8 Qh2+ 38.Kf1 Qxa2 39.Qxa5 Qxb3 40.Bc5 Qb1+ 41.Kf2 Qb2+
42.Kf3 Qxe5 43.Qb4 Qd5+ 44.Kf4 h4 45.e4 Qd3 46.Qe1 h3 47.Bg1 Qd6+ 48.e5 Qd3
49.Qh4+ Kg8 50.Qg3 Qf1+ 51.Bf2 Qc4+ 52.Kg5 h2  0-1

[Event "World Cup"]
[Site "Khanty-Mansiysk RUS"]
[Date "2007.11.27"]
[Round "2.1"]
[White "Onischuk,Al"]
[Black "Nikolic,Pr"]
[Result "1-0"]
[WhiteElo "2674"]
[BlackElo "2657"]

1.d4 d5 2.c4 dxc4 3.e3 e5 4.Bxc4 exd4 5.exd4 Nf6 6.Nf3 Bb4+ 7.Nc3 O-O 8.O-O Nc6
9.h3 h6 10.Re1 Na5 11.Bd3 Be6 12.Bf4 Nd5 13.Bd2 Nc6 14.a3 Be7 15.Rc1 Bf6
16.Rxe6 fxe6 17.Qe2 Qd7 18.Qe4 g5 19.h4 Rae8 20.hxg5 hxg5 21.Nxg5 Bxd4 22.Nf3 Nf6
23.Qg6+ Kh8 24.Ne2 Bb6 25.Bh6 Rf7 26.Ng5 Ne5 27.Nxf7+ Qxf7 28.Qxf7 Nxf7 29.Bf4 Ng4
30.Bg3 Nfe5 31.Be4 Rf8 32.Rf1 c6 33.Nf4 Rf6 34.Nh3 Nc4 35.Rd1 Rf7 36.b3 Nxa3
37.Bf3 Rg7 38.Re1 Nb5 39.Rxe6 Nc7 40.Bxc7 Bxc7 41.Re8+  1-0

[Event "World Cup"]
[Site "Khanty-Mansiysk RUS"]
[Date "2007.11.28"]
[Round "2.2"]
[White "Nikolic,Pr"]
[Black "Onischuk,Al"]
[Result "1/2-1/2"]
[WhiteElo "2657"]
[BlackElo "2674"]

1.d4 Nf6 2.c4 e6 3.Nf3 d5 4.Bg5 Be7 5.Nc3 h6 6.Bxf6 Bxf6 7.e3 O-O 8.Qb3 c5
9.dxc5 Nd7 10.cxd5 Nxc5 11.Qb4 Qd6 12.Qc4 exd5 13.Nxd5 Bxb2 14.Rd1 Be6 15.Be2  1/2-1/2

[Event "Bundesliga 2007-8"]
[Site "Bindalch GER"]
[Date "2007.12.08"]
[Round "5"]
[White "Baklan,V"]
[Black "Nikolic,Pr"]
[Result "0-1"]
[WhiteElo "2639"]
[BlackElo "2657"]

1.e4 e5 2.Nf3 Nc6 3.Bb5 a6 4.Ba4 Nf6 5.Qe2 Be7 6.c3 b5 7.Bb3 O-O 8.d4 d6
9.Nbd2 h6 10.d5 Na7 11.a4 c6 12.axb5 axb5 13.dxc6 Be6 14.Nh4 d5 15.Nf5 Bc5
16.O-O Bxf5 17.exf5 Qc7 18.Bc2 Rab8 19.Nb3 Bb6 20.Kh1 Rfe8 21.f3 Qxc6 22.Be3 Nc8
23.Bd3 Nd6 24.Ra6 Qc7 25.Qf2 Bxe3 26.Qxe3 Nc4 27.Qf2 b4 28.Ra7 Qc8 29.Bxc4 Qxc4
30.Na5 Qb5 31.cxb4 Rec8 32.h3 Qxb4 33.b3 e4 34.Ra1 Qc3 35.Qe1 Qd4 36.Rb7 Rxb7
37.Nxb7 Qb6 38.Na5 exf3 39.gxf3 Rc2 40.Rd1 Qc7  0-1

[Event "3rd ch-BIH"]
[Site "Sarajevo BIH"]
[Date "2007.12.19"]
[Round "2"]
[White "Saric,Ib"]
[Black "Nikolic,Pr"]
[Result "1/2-1/2"]
[WhiteElo "2541"]
[BlackElo "2657"]

1.d4 Nf6 2.Nf3 e6 3.g3 b5 4.Bg2 Bb7 5.O-O c5 6.c3 cxd4 7.cxd4 Be7 8.Bg5 O-O
9.a4 b4 10.Nbd2 h6 11.Bxf6 Bxf6 12.Ne5 Bxg2 13.Kxg2 Bxe5 14.dxe5 Qc7 15.Nf3 Nc6
16.Rc1 Rac8 17.Rc5 Rfd8 18.Qc2 d6 19.Rc4 d5 20.Rc5 Qb7 21.Rc1 Ne7 22.Rc7 b3
23.Rxb7 Rxc2 24.Re1 Nc6 25.Rxb3 g5 26.h3 Rb8 27.Rxb8+ Nxb8 28.b3 Nc6 29.e4 Nb4
30.exd5 Nxd5 31.Nd4 Rd2 32.Nc6 a6 33.Re4 Rb2 34.b4 Ra2 35.a5 Rb2 36.h4 Kg7
37.hxg5 hxg5 38.Kf1 Kg6 39.Ke1 Rb1+ 40.Kd2 Rb2+ 41.Kc1 Rxf2 42.Nb8 Kf5 43.Rc4 Kxe5
44.Nxa6 Rf1+ 45.Kb2 Rf2+ 46.Kb3 Rf3+  1/2-1/2

[Event "3rd ch-BIH"]
[Site "Sarajevo BIH"]
[Date "2007.12.20"]
[Round "3"]
[White "Nikolic,Pr"]
[Black "Bogut,Z"]
[Result "1-0"]
[WhiteElo "2657"]
[BlackElo "2458"]

1.d4 Nf6 2.c4 g6 3.Nf3 c6 4.Nc3 Bg7 5.Bf4 O-O 6.e3 d6 7.h3 Nbd7 8.Be2 Qe8
9.O-O e5 10.Bh2 Qe7 11.b4 a5 12.a3 Ne8 13.Rb1 axb4 14.axb4 f5 15.c5 d5 16.dxe5 Nxe5
17.Bxe5 Bxe5 18.Nxd5 Qg7 19.Nb6 Rb8 20.Bc4+ Kh8 21.Nxe5 Qxe5 22.Qd8 Qg7 23.Rfd1 Nf6
24.Qd6 Bd7 25.Nxd7 Rbd8 26.Nxf8 Rxd6 27.cxd6 Qxf8 28.d7 Qd8 29.b5  1-0

[Event "3rd ch-BIH"]
[Site "Sarajevo BIH"]
[Date "2007.12.22"]
[Round "5"]
[White "Nikolic,Pr"]
[Black "Jakovljevic,Vlado"]
[Result "1-0"]
[WhiteElo "2657"]
[BlackElo "2461"]

1.d4 Nf6 2.c4 g6 3.Nc3 d5 4.Bf4 Bg7 5.Rc1 O-O 6.e3 c6 7.Nf3 b6 8.Be2 Bb7
9.O-O e6 10.h3 Nbd7 11.b4 dxc4 12.Bxc4 Qe7 13.b5 Rfc8 14.bxc6 Rxc6 15.Qb3 Rcc8
16.Nb5 Ne8 17.a4 Bf8 18.Bg5 Ndf6 19.Ne5 Kg7 20.Be2 a6 21.Rxc8 Rxc8 22.Na7 Ra8
23.Qxb6 Nd5 24.Bxe7 Nxb6 25.Bxf8+ Kxf8 26.Rb1 Rxa7 27.Rxb6 Ke7 28.Bxa6 Bd5
29.Bb5 f6 30.Nd3 Nd6 31.Nb4 Bb7 32.Bc6 Bc8 33.Nd3 Ra6 34.Rxa6 Bxa6 35.Nc5 Bc4
36.f4 Nf5 37.Kf2 Kd6 38.Bf3 Kc7 39.Ne4  1-0

[Event "3rd ch-BIH"]
[Site "Sarajevo BIH"]
[Date "2007.12.23"]
[Round "6"]
[White "Predojevic,B"]
[Black "Nikolic,Pr"]
[Result "1/2-1/2"]
[WhiteElo "2645"]
[BlackElo "2657"]

1.e4 e5 2.Nf3 Nc6 3.Bc4 Nf6 4.d3 Be7 5.O-O O-O 6.Re1 d6 7.a4 Na5 8.Ba2 c5
9.c3 Nc6 10.Na3 h6 11.Nc2 Be6 12.Bxe6 fxe6 13.b4  1/2-1/2

[Event "3rd ch-BIH"]
[Site "Sarajevo BIH"]
[Date "2007.12.24"]
[Round "7"]
[White "Nikolic,Pr"]
[Black "Nurkic,S"]
[Result "1-0"]
[WhiteElo "2657"]
[BlackElo "2415"]

1.d4 Nf6 2.c4 g6 3.Nf3 Bg7 4.g3 O-O 5.Bg2 d6 6.Nc3 Nc6 7.d5 Na5 8.b3 c5 9.Bb2 a6
10.O-O b5 11.cxb5 axb5 12.Nxb5 Bb7 13.Ne1 Qb6 14.Na3 Rfc8 15.Nec2 Ba6 16.Rb1 Ne8
17.Bxg7 Kxg7 18.Qd2 Kg8 19.Rfd1 Rcb8 20.e4 Nf6 21.h3 Nd7 22.Kh2 Ne5 23.Qe3 Nd3
24.Rxd3 Bxd3 25.Qxd3 c4 26.Nxc4 Nxc4 27.Qxc4 Qxf2 28.Rb2  1-0

[Event "3rd ch-BIH"]
[Site "Sarajevo BIH"]
[Date "2007.12.25"]
[Round "8"]
[White "Dumpor,A"]
[Black "Nikolic,Pr"]
[Result "0-1"]
[WhiteElo "2399"]
[BlackElo "2657"]

1.e4 e5 2.Nf3 Nc6 3.Bb5 a6 4.Ba4 Nf6 5.Bxc6 dxc6 6.d3 Nd7 7.Nbd2 Be7 8.Nc4 f6
9.O-O Nf8 10.d4 exd4 11.Nxd4 Ne6 12.Be3 Nxd4 13.Bxd4 Be6 14.Ne3 Qd7 15.Bc3 O-O-O
16.Qxd7+ Rxd7 17.Rfd1 Rhd8 18.Rxd7 Rxd7 19.Kf1 b5 20.b3 Rd8 21.Ke2 h5 22.h3 h4
23.Rd1 Re8 24.Kf3 Bf7 25.g4 hxg3 26.fxg3 c5 27.Nf5 Bf8 28.Ne3 Kb7 29.h4 Kc6
30.g4 a5 31.a4 b4 32.Bb2 Bg6 33.Nf5 c4 34.bxc4 Bf7 35.h5 Bxc4 36.h6 gxh6
37.Bxf6 Bf7 38.Kf4 Kb6 39.Bg7 Bxg7 40.Nxg7 Rg8 41.Nf5 Rg6 42.Rh1 Be8 43.Ne7 Re6
44.Nd5+ Kb7 45.Kf5 Rd6 46.Ra1 Bd7+ 47.Kf4 Rc6 48.Ne3 Rc3 49.e5 Ra3 50.Rxa3 bxa3
51.Nc4 a2 52.Nxa5+ Kb6 53.Nb3 Be6 54.Na1 Ka5 55.g5 hxg5+ 56.Kxg5 Kxa4 57.Kf6 Bc4
58.e6 Ka3 59.e7 Bb5 60.Kf7 Kb2 61.Nb3 c5 62.c4 Bxc4+ 63.Kf8 Bb5 64.Nxc5 a1=Q  0-1

[Event "3rd ch-BIH"]
[Site "Sarajevo BIH"]
[Date "2007.12.26"]
[Round "9"]
[White "Nikolic,Pr"]
[Black "Runic,Z"]
[Result "1-0"]
[WhiteElo "2657"]
[BlackElo "2417"]

1.d4 Nf6 2.c4 g6 3.Nf3 Bg7 4.g3 O-O 5.Bg2 Nc6 6.O-O a6 7.Nc3 Rb8 8.d5 Na5
9.c5 b6 10.b4 Nb7 11.Rb1 a5 12.a3 axb4 13.axb4 Ra8 14.Be3 Ng4 15.Bd4 bxc5
16.bxc5 Bxd4 17.Qxd4 Nf6 18.Ne5 d6 19.Nc6 Qd7 20.cxd6 cxd6 21.Na4 Qc7 22.Rfc1 Na5
23.Qb6 Qd7 24.Qe3 Nxc6 25.Nb6 Qa7 26.dxc6 Ng4 27.Qd4  1-0

[Event "Noteboom Mem A"]
[Site "Leiden NED"]
[Date "2008.02.02"]
[Round "2"]
[White "Nikolic,Pr"]
[Black "Otto,B"]
[Result "1-0"]
[WhiteElo "2665"]
[BlackElo "1989"]

1.d4 Nf6 2.c4 g6 3.Nf3 Bg7 4.g3 O-O 5.Bg2 d6 6.O-O Nbd7 7.Nc3 e5 8.e4 exd4
9.Nxd4 Re8 10.h3 a6 11.Bf4 Ne5 12.b3 Rb8 13.a4 a5 14.Ndb5 Nfd7 15.Qc2 Nc5
16.Rad1 Nc6 17.Nd5 Na6 18.c5 Be5 19.cxd6 cxd6 20.Be3 Be6 21.f4 Bxd5 22.fxe5 Ncb4
23.Qb2 Rxe5 24.Bf4 Rxe4 25.Bxe4 Bxe4 26.Bh6  1-0

[Event "Noteboom Mem A"]
[Site "Leiden NED"]
[Date "2008.02.02"]
[Round "3"]
[White "Lahaye,R"]
[Black "Nikolic,Pr"]
[Result "0-1"]
[WhiteElo "2377"]
[BlackElo "2665"]

1.d4 Nf6 2.Nf3 e6 3.c4 b6 4.g3 Ba6 5.b3 Bb7 6.Bg2 Bb4+ 7.Bd2 a5 8.O-O O-O
9.Nc3 Na6 10.Rc1 h6 11.Qc2 Qe7 12.Rfe1 d5 13.Ne5 c5 14.Nb5 dxc4 15.Nxc4 Bxg2
16.Kxg2 Qd7 17.a4 cxd4 18.Red1 Bc5 19.Bf4 Nb4 20.Qb2 Nc6 21.Bd6 Bxd6 22.Ncxd6 e5
23.e3 Rad8 24.Qe2 Nd5 25.Qf3 Ndb4 26.exd4 Nxd4 27.Nxd4 Qxd6 28.Nc6 e4 29.Qxe4 Qxd1
30.Rxd1 Rxd1 31.Nxb4 axb4 32.Qxb4 Rb8 33.h4 Rd5 34.Kf1 h5 35.Kg2 g6 36.Kf1 Rc5
37.Kg2 Rc6 38.Qd4 Re6 39.Qd7 Rbe8 40.Kf1 Re5 41.Qd4 R8e6 42.Qd8+ Kh7 43.Qc7 Rf5
44.b4 Ref6 45.f4 Rd5 46.Qc3 Rfd6 47.Kg2 Re6 48.Kf2 Rdd6 49.b5 Rd5 50.Qc7 Kg7
51.Qc3+ Kf8 52.Qh8+ Ke7 53.Qc3 Red6 54.Ke3 Kd7 55.Qc4 Re6+ 56.Kf3 Rd2 57.Qb3 Rd4
58.a5 bxa5 59.b6 Rb4 60.Qd5+ Ke8 61.b7 a4 62.Qc5 Reb6 63.Qe5+ Kd7 64.Qd5+ Kc7
65.Qxf7+ Kb8 66.Qd7 Rc4 67.f5 gxf5 68.Qxf5 Kxb7 69.Qd5+ Rcc6 70.Qxh5 a3 71.Qf7+ Ka6
72.Qg8 Ka5 73.h5 Rf6+ 74.Kg2 Rfe6 75.g4 Kb4 76.g5 a2 77.Qa8 Ra6 78.Qb8+ Kc3
79.Qh8+ Kc2 80.Qa1 Red6 81.g6 Rd1 82.Qe5 a1=Q  0-1

[Event "Noteboom Mem A"]
[Site "Leiden NED"]
[Date "2008.02.02"]
[Round "4"]
[White "Nikolic,Pr"]
[Black "Van den Doel,E"]
[Result "1-0"]
[WhiteElo "2665"]
[BlackElo "2593"]

1.d4 d5 2.c4 dxc4 3.e4 Nf6 4.e5 Nd5 5.Bxc4 Nb6 6.Bb3 Nc6 7.Be3 Bf5 8.Nf3 e6
9.Nc3 Nb4 10.O-O Be7 11.a3 N4d5 12.Qe2 O-O 13.Rfd1 Qc8 14.Bg5 Qd8 15.Bd2 Nxc3
16.bxc3 c5 17.a4 Rc8 18.dxc5 Bxc5 19.Bg5 Qc7 20.Nd4 Bxd4 21.cxd4 Qc3 22.Qb5 Bc2
23.Bxc2 Qxc2 24.Rdc1 Qe4 25.Be7 Rfe8 26.a5 Qd5 27.Rc5 Qxd4 28.Rac1 Ra8 29.Bd6 Nd5
30.Qxb7 h5 31.a6 Qd3 32.h3 Nf4 33.Kh2 Qf5 34.Rf1 Qd3 35.Rcc1 Nd5 36.Rfd1 Qf5
37.Kg1 Qf4 38.Rc2 Qe4 39.Rdc1 Qd3 40.Rc4 Red8 41.Kh2 Qf5 42.R1c2 Re8 43.Qb3 Nb6
44.R4c3 Rac8 45.Kg1 Rxc3 46.Rxc3 Nd5 47.Rf3 Nf4 48.Qb7 g5 49.g3 Nxh3+ 50.Kg2 Qh7
51.Rc3 Qf5 52.Rf3 Qh7 53.Qc6 Rd8 54.Be7 Rb8 55.Rb3 Rxb3 56.Qc8+ Kg7 57.Bf8+ Kh8
58.Be7+ Qg8 59.Bf6+ Kh7 60.Qc2+ Qg6 61.Qxb3 g4 62.Qb7 h4 63.Qa8 Qb1 64.Qh8+ Kg6
65.Qg7+ Kh5 66.Qxf7+ Kh6 67.Bg7+ Kg5 68.Qf6+ Kh5 69.Qh6+  1-0

[Event "Noteboom Mem A"]
[Site "Leiden NED"]
[Date "2008.02.03"]
[Round "6"]
[White "Nikolic,Pr"]
[Black "Dgebuadze,A"]
[Result "1/2-1/2"]
[WhiteElo "2665"]
[BlackElo "2512"]

1.d4 Nf6 2.c4 e6 3.Nf3 c5 4.d5 exd5 5.cxd5 Bd6 6.Nc3 Bc7 7.g3 d6 8.Bg2 O-O
9.O-O a6 10.a4 Re8 11.b3 Bg4 12.Bb2  1/2-1/2

[Event "TCh-BEL 2007-8"]
[Site "Belgium BEL"]
[Date "2008.02.17"]
[Round "9"]
[White "Nikolic,Pr"]
[Black "Van der Stricht,G"]
[Result "1/2-1/2"]
[WhiteElo "2665"]
[BlackElo "2424"]

1.d4 Nf6 2.c4 e6 3.Nf3 b6 4.g3 Bb7 5.Bg2 Be7 6.O-O O-O 7.Bf4 d6 8.Nc3 Ne4
9.Nxe4 Bxe4 10.Ne1 Bxg2 11.Nxg2 Nd7 12.e4 e5 13.Be3 exd4 14.Bxd4 Bf6 15.Nf4 Re8
16.f3 Be5 17.Qd2 a6 18.Rac1 Nc5 19.Be3 Bxf4 20.Bxf4 Qf6 21.Kg2 a5 22.Rfe1 a4
23.Re2 h6 24.Be3 Qe6 25.Qc2 Qd7 26.h4 Qc6 27.Bd4 Ne6 28.Bf2 Nc5 29.Qd2 Re5
30.Bd4 Re7 31.Bc3 Rae8 32.Rce1 b5 33.cxb5 Qxb5 34.Re3 Qc4 35.Qd4 Qxd4 36.Bxd4 Ne6
37.Bc3 f5 38.Bd2 Nd4 39.exf5 Rxe3 40.Rxe3 Rxe3 41.Bxe3 Nxf5 42.Bf2 g6 43.Kf1 Kf7
44.Ke2 Ke6 45.g4 Ne7 46.Kd3 Kd5 47.b3 axb3 48.axb3  1/2-1/2

[Event "Bundesliga 2007-8"]
[Site "Hamburg GER"]
[Date "2008.03.08"]
[Round "10"]
[White "Ftacnik,L"]
[Black "Nikolic,Pr"]
[Result "1/2-1/2"]
[WhiteElo "2542"]
[BlackElo "2665"]

1.d4 f5 2.g3 Nf6 3.Bg2 e6 4.c4 c6 5.Qc2 d5 6.Nh3 Bd6 7.Nd2 O-O 8.O-O Bd7
9.Nf3 Be8 10.Bf4 Bh5 11.Rac1 Bxf3 12.exf3 dxc4 13.Qxc4 Nd5 14.Bxd6 Qxd6 15.Rfe1 h6
16.f4 Nd7 17.Kh1 N7b6 18.Qb3 Rfe8 19.Rcd1 Qb4 20.Qxb4 Nxb4 21.a3 N4d5 22.Ng1 Nc4
23.Bf1 Ndb6 24.Re2 Rad8 25.Nf3 Kf7 26.Rc2 Nd6 27.Kg2 Kf6 28.h4 Nf7 29.a4 Nxa4
30.Ra1 Nb6 31.Rxa7 Nd6 32.Rc3 Ra8 33.Rca3 Rxa7 34.Rxa7 Ra8 35.Rxa8 Nxa8 36.Bd3 Nb6
37.Kf1 Ke7 38.Ke2 Na4 39.b3 Nc3+ 40.Kd2 Nde4+ 41.Bxe4 Nxe4+ 42.Ke3 Nf6 43.Nd2 Ng4+
44.Ke2 Kd6 45.Nc4+ Kd5 46.f3 Nf6 47.Kd3 Nh5 48.Ne3+ Kd6 49.Nf1 c5 50.Kc4 cxd4
51.Kxd4 b5 52.b4 g6 53.Kd3 Nf6 54.Ne3 Nh5 55.Nf1 e5 56.fxe5+ Kxe5 57.f4+ Nxf4+
58.gxf4+ Kxf4 59.h5 g5 60.Ke2 g4 61.Kf2 Kg5 62.Ne3 f4 63.Nd5 Kxh5 64.Nxf4+ Kg5
65.Ne6+ Kf5 66.Nd4+ Ke4 67.Nxb5 Kd5 68.Nc3+ Kc4 69.b5 Kc5 70.Kg3  1/2-1/2

[Event "KNSB TCh-NED 2007-8"]
[Site "Netherlands NED"]
[Date "2008.03.08"]
[Round "7"]
[White "Nikolic,Pr"]
[Black "Swinkels,R"]
[Result "1-0"]
[WhiteElo "2665"]
[BlackElo "2427"]

1.d4 Nf6 2.Nf3 g6 3.g3 Bg7 4.Bg2 d5 5.O-O O-O 6.c4 dxc4 7.Na3 Nc6 8.Nxc4 Be6
9.b3 Bd5 10.Bb2 a5 11.Ne3 Be4 12.a3 Qc8 13.Nc4 Rd8 14.e3 Bd5 15.Qe2 h6 16.Rfd1 Qe6
17.Ne1 Bxg2 18.Nxg2 g5 19.Rac1 Ne8 20.Qf3 Qg6 21.Ne1 Nd6 22.Nd3 g4 23.Qe2 Ne4
24.Nf4 Qg5 25.d5 Nb8 26.Bxg7 Kxg7 27.Nd2 Nxd2 28.Rxd2 c6 29.Rc4 Kf8 30.Ne6+ fxe6
31.Rf4+  1-0

[Event "Bundesliga 2007-8"]
[Site "Hamburg GER"]
[Date "2008.03.09"]
[Round "11"]
[White "Nikolic,Pr"]
[Black "Efimenko,Z"]
[Result "1/2-1/2"]
[WhiteElo "2665"]
[BlackElo "2638"]

1.d4 Nf6 2.Nf3 g6 3.g3 Bg7 4.Bg2 d5 5.O-O O-O 6.Nbd2 c6 7.c4 a5 8.b3 Ne4
9.e3 Bf5 10.Bb2 a4 11.Nxe4 Bxe4 12.Qe2 Nd7 13.cxd5 cxd5 14.Qb5 Nf6 15.Ne5 Bxg2
16.Kxg2 Ne4 17.bxa4 e6 18.Ba3 Re8 19.Nd3 Qa5 20.Qxa5 Rxa5 21.Nb2 e5 22.Bb4 Ra6
23.dxe5 Bxe5 24.Rab1 Bc3 25.Nd1 Bd2 26.f3 Rxa4 27.fxe4 Rxb4 28.Rxb4 Bxb4
29.exd5 Re5 30.Rf4 Rxd5 31.Rxb4 Rxd1  1/2-1/2

[Event "IX EICC"]
[Site "Plovdiv BUL"]
[Date "2008.04.22"]
[Round "2"]
[White "Grigoriants,S RUS"]
[Black "Nikolic,Pr"]
[Result "1-0"]
[WhiteElo "2573"]
[BlackElo "2674"]

1.e4 e5 2.Nf3 Nc6 3.Bb5 a6 4.Ba4 Nf6 5.O-O Be7 6.Re1 b5 7.Bb3 d6 8.c3 O-O
9.d4 Bg4 10.Be3 Bd7 11.Nbd2 Ng4 12.Nf1 Nxe3 13.Nxe3 Re8 14.dxe5 Nxe5 15.Nxe5 dxe5
16.Qh5 g6 17.Qxe5 Bg5 18.Qd4 Be6 19.Bd5 Bxe3 20.Rxe3 Bxd5 21.Qxd5 Qxd5 22.exd5 Rxe3
23.fxe3 Rd8 24.Rd1 Kg7 25.e4 Kf6 26.Kf2 Ke5 27.Ke3 f5 28.exf5 gxf5 29.Rd4 h6
30.Rh4 Rd6 31.Rh5 Rg6 32.g3 a5 33.b3 c6 34.dxc6 Rxc6 35.Kd3 Rd6+ 36.Ke3 Rc6
37.Kd3 Rd6+ 38.Kc2 Ke4 39.a4 bxa4 40.Rh4+ Ke3 41.bxa4 f4 42.Rxf4 Rd2+ 43.Kb3 Rxh2
44.Rf5 Rg2 45.Rxa5 Rxg3 46.Rh5 Rg6 47.a5 Kd3 48.Rh4 Rg1 49.Rh3+ Ke4 50.Kc4 Ra1
51.Rxh6 Rxa5 52.Re6+ Kf5 53.Re8 Kf6 54.Kb4 Ra1 55.c4 Kf7 56.Re4  1-0

[Event "IX EICC"]
[Site "Plovdiv BUL"]
[Date "2008.04.23"]
[Round "3"]
[White "Nikolic,Pr"]
[Black "Kosic,D"]
[Result "1-0"]
[WhiteElo "2674"]
[BlackElo "2500"]

1.d4 e6 2.c4 Bb4+ 3.Bd2 Bxd2+ 4.Qxd2 Nf6 5.Nf3 O-O 6.Nc3 d5 7.e3 Qe7 8.Rd1 Nbd7
9.Qc2 c6 10.a3 Rd8 11.cxd5 exd5 12.Bd3 c5 13.dxc5 Nxc5 14.Nd4 Be6 15.O-O Rac8
16.Qb1 g6 17.Rc1 a6 18.h3 Rc7 19.Be2 Rcc8 20.Bf3 Ncd7 21.Rfd1 Ne5 22.Be2 Kg7
23.Qa1 Kg8 24.b3 Nc6 25.Bf3 Ne5 26.Qb2 Nxf3+ 27.Nxf3 Rc7 28.Ne2 Rxc1 29.Rxc1 Rc8
30.Rxc8+ Bxc8 31.Nf4 Bd7 32.Qd4 Bc6 33.b4 Qd6 34.Qb6 Ne4 35.Qd4 f6 36.Ne2 Kg7
37.Nc3 Qe6 38.Qd3 Qf5 39.Qc2 Nd6 40.Qe2 Ne4 41.Qb2 Nd6 42.Nd4 Qd3 43.Qc1 h5
44.Nxd5  1-0

[Event "IX EICC"]
[Site "Plovdiv BUL"]
[Date "2008.04.24"]
[Round "4"]
[White "Lupulescu,C"]
[Black "Nikolic,Pr"]
[Result "1-0"]
[WhiteElo "2558"]
[BlackElo "2674"]

1.e4 d6 2.d4 g6 3.Nc3 Bg7 4.Be3 Nf6 5.f3 c6 6.Qd2 Qa5 7.g4 h5 8.g5 Nfd7 9.f4 d5
10.f5 dxe4 11.fxg6 fxg6 12.Bc4 Nb6 13.Bb3 Bf5 14.Nge2 Na6 15.Ng3 O-O-O 16.Nxf5 gxf5
17.Nxe4 Qxd2+ 18.Nxd2 Nc7 19.Nf3 Nbd5 20.Bf2 Ne8 21.c4 Nf4 22.Bc2 e6 23.Bg3 Ng6
24.O-O-O h4 25.Bf2 Nc7 26.Rhe1 Kb8 27.a3 a6 28.Kb1 b5 29.d5 exd5 30.cxd5 Nxd5
31.Bxf5 Rdf8 32.Be4 Rf4 33.Bd4 Bxd4 34.Nxd4 Nde7 35.Nxc6+ Nxc6 36.Bxg6 Rg8
37.Be8 Na5 38.g6 Rf2 39.Re7  1-0

[Event "IX EICC"]
[Site "Plovdiv BUL"]
[Date "2008.04.25"]
[Round "5"]
[White "Nikolic,Pr"]
[Black "Radulski,J"]
[Result "1/2-1/2"]
[WhiteElo "2674"]
[BlackElo "2514"]

1.d4 d5 2.c4 e6 3.Nf3 Nf6 4.Nc3 Be7 5.Bg5 O-O 6.e3 Nbd7 7.Qc2 h6 8.cxd5 exd5
9.Bf4 c5 10.dxc5 Nxc5 11.Be2 Be6 12.O-O Rc8 13.Be5 Nce4 14.Qa4 Nd7 15.Bd4 Ndc5
16.Qd1 Bf5 17.Rc1 a6 18.a3 Ne6 19.Be5 f6 20.Bd4 Nxd4 21.Nxd4 Nxc3 22.bxc3 Bd7
23.Qb3 Kh8 24.Qxb7 Bxa3 25.Rc2 a5 26.Qxd5 Re8 27.Bb5 Bxb5 28.Qxb5 Re5 29.Qa4 Bd6
30.Rb1 Qg8 31.g3 Qc4 32.Ra1 Qd3 33.Nf3 Re4 34.Qd7 Rec4 35.Rac1 R4c7 36.Qa4 Qd5
37.Nd2 Bf8 38.Nb3 Bb4 39.Rd2 Qa8 40.Ra2 Rxc3 41.Rxc3 Bxc3  1/2-1/2

[Event "IX EICC"]
[Site "Plovdiv BUL"]
[Date "2008.04.26"]
[Round "6"]
[White "Stanojoski,Z"]
[Black "Nikolic,Pr"]
[Result "0-1"]
[WhiteElo "2506"]
[BlackElo "2674"]

1.c4 e5 2.Nc3 Nf6 3.g3 Bb4 4.Bg2 O-O 5.Nf3 Re8 6.O-O c6 7.Qb3 Bf8 8.d3 d6
9.Rd1 h6 10.d4 e4 11.Ne1 d5 12.cxd5 cxd5 13.Bf4 Nc6 14.Nb5 g5 15.Bc7 Qd7
16.Be5 Nxe5 17.dxe5 Rxe5 18.Rac1 Bd6 19.Rc2 b6 20.Rdc1 Bc5 21.e3 Ba6 22.Bf1 Bb7
23.Qc3 Qe7 24.a3 a5 25.Nd4 Ne8 26.Bh3 Ng7 27.Nb3 Bd6 28.a4 h5 29.Qd4 g4 30.Bf1 Qd8
31.Ng2 Ne6 32.Qd1 Ng5 33.h4 gxh3 34.Nh4 Rc8 35.Kh1 Rxc2 36.Rxc2 Bc8 37.Be2 Ne6
38.Bxh5 Bd7 39.Nd4 Nxd4 40.exd4 Rg5 41.Rc3 Qf6 42.f4 Bxf4 43.gxf4 Qxf4 44.Nf3 Rxh5
45.Ne5 Rxe5 46.dxe5 Bg4 47.Qg1 Kf8 48.Qg3 Qxg3 49.Rxg3 Bf3+ 50.Kg1 d4 51.Rxh3 d3  0-1

[Event "IX EICC"]
[Site "Plovdiv BUL"]
[Date "2008.04.27"]
[Round "7"]
[White "Nikolic,Pr"]
[Black "Jojua,D"]
[Result "1/2-1/2"]
[WhiteElo "2674"]
[BlackElo "2463"]

1.d4 d5 2.c4 e6 3.Nc3 Be7 4.Nf3 Nf6 5.Bg5 O-O 6.e3 h6 7.Bh4 Ne4 8.Bxe7 Qxe7
9.cxd5 Nxc3 10.bxc3 exd5 11.Qb3 Rd8 12.c4 Be6 13.c5 b6 14.Rc1 bxc5 15.Rxc5 Nd7
16.Rxc7 Rab8 17.Qc2 Qa3 18.Bd3 Rb2 19.Qc3 Qxc3+ 20.Rxc3 Rxa2 21.O-O Rb8 22.Rfc1 Kf8
23.Kf1 a5 24.R3c2 Rxc2 25.Rxc2 Ke7 26.Nd2 a4 27.Ra2 Ra8 28.Nb1 Kd6 29.Rb2 Kc7
30.Ke2 Nb6 31.Na3 Bd7 32.Kd2 Nc8 33.Rc2+ Kd6 34.Rc5 f5 35.Kc3 g5 36.Bb5 Ne7
37.f4 gxf4 38.exf4 h5 39.Be2 h4 40.Bf3 Bc6 41.h3 Rb8 42.Nc2 Rb3+ 43.Kd2 Rb2
44.Rc3 Ng6 45.Ke3 Rb7 46.Bh5 Nf8 47.Be2 Ne6 48.Bd3 Rg7 49.Ne1 Rg3+ 50.Nf3 Rxg2
51.Nxh4 Rg3+ 52.Kf2 Rxh3 53.Nxf5+ Kd7 54.Ke1 Nxf4 55.Kd2 Rh2+ 56.Kc1 Nxd3+
57.Rxd3 Bb5 58.Ra3 Re2 59.Ne3 Kc6 60.Rc3+ Kd6 61.Nxd5 a3 62.Nb4 a2 63.Nxa2 Rxa2
64.Rc2 Ra4 65.Rb2 Bc4 66.Kd2 Kd5 67.Ke3 Ra3+ 68.Kf4 Kxd4 69.Rb7 Ra6 70.Rd7+ Bd5
71.Kf5 Ra2 72.Re7 Rf2+ 73.Kg5 Be4 74.Rd7+ Ke3 75.Rd6 Rf5+ 76.Kh6 Kf4 77.Kg7 Ke5
78.Rg6 Rh5 79.Rg1 Rh7+ 80.Kg8 Rc7 81.Rg7 Rc8+ 82.Kf7 Bf5 83.Ke7 Ra8 84.Rf7 Bg6
85.Rg7 Ra6 86.Kf8 Kf6 87.Rf7+ Kg5 88.Rc7 Re6 89.Kg7 Bf5 90.Rf7 Rh6 91.Re7 Bg4  1/2-1/2